000 00340nam a2200133Ia 4500
005 20260326100032.0
008 260326s9999||||xx |||||||||||||| ||und||
100 _aKoch, Alexander
245 0 _aConstrucciónes de Hoteles /
_cAlexander Koch
260 _bCentroPress
300 _a196 p.
650 _aARQUITECTURA RESIDENCIAL
942 _cBK
999 _c6623
_d6623